Central Library OPAC University of Rajshahi

Nuclear fusion / (Record no. 13772)

MARC details
000 -LEADER
fixed length control field 01234nam a22003251 4500
001 - CONTROL NUMBER
control field 13772
003 - CONTROL NUMBER IDENTIFIER
rucl marc code BD-RjUL
005 - DATE AND TIME OF LATEST TRANSACTION
control field 20211208235518.0
008 - FIXED-LENGTH DATA ELEMENTS--GENERAL INFORMATION
fixed length control field 140201t1960 njua b 101 0 engm
035 ## - SYSTEM CONTROL NUMBER
System control number (BD-RjUL)13824
System control number (OCoLC)00544072
System control number GLIS00308098
040 ## - CATALOGING SOURCE
Original cataloging agency DLC/ICU
Transcribing agency CGU
Modifying agency m.c.
-- MYG
-- BD-RjUL
Language of cataloging eng
041 ## - LANGUAGE CODE
Language code of text/sound track or separate title eng
082 04 - DEWEY DECIMAL CLASSIFICATION NUMBER
Edition number 16
Classification number 621.48
Author mark and year ALN 1960
099 ## - LOCAL FREE-TEXT CALL NUMBER (OCLC)
Bangla Class number QC791.A38
100 1# - MAIN ENTRY--PERSONAL NAME
Personal name Allis, William P.
Fuller form of name (William Phelps),
Dates associated with a name 1901-1999.
9 (RLIN) 27437
245 10 - TITLE STATEMENT
Title Nuclear fusion /
Statement of responsibility, etc. William P. Allis.
260 ## - PUBLICATION, DISTRIBUTION, ETC. (IMPRINT)
Place of publication, distribution, etc. Liondon ;
-- Toronto :
Name of publisher, distributor, etc. Van Nostrand,
Date of publication, distribution, etc. c1960.
300 ## - PHYSICAL DESCRIPTION
Pagination viii, 488 p. :
Illustrations ill. ;
Size 24 cm.
490 1# - SERIES STATEMENT
Series statement Second Geneva series on the peaceful uses of atomic energy
500 ## - GENERAL NOTE
General note Extracts from papers presented at the International Conference on the Peaceful Uses of Atomic Energy, 1958.
504 ## - BIBLIOGRAPHY, ETC. NOTE
Bibliography, etc Includes bibliographical reference and index.
650 #0 - SUBJECT ADDED ENTRY--TOPICAL TERM
Topical term or geographic name as entry element Controlled fusion.
9 (RLIN) 43094
711 2# - ADDED ENTRY--MEETING NAME
Meeting name or jurisdiction name as entry element International Conference on the Peaceful Uses of Atomic Energy
Number of part/section/meeting (2nd :
Date of meeting 1958 :
Location of meeting Geneva, Switzerland)
9 (RLIN) 32267
830 #0 - SERIES ADDED ENTRY--UNIFORM TITLE
Uniform title Second Geneva series on the peaceful uses of atomic energy.
942 ## - ADDED ENTRY ELEMENTS (KOHA)
Source of classification or shelving scheme Dewey Decimal Classification
Koha item type Books
949 ## - LOCAL PROCESSING INFORMATION (OCLC)
a MYGV
b 39080004717127
Holdings
Lost status Source of classification or shelving scheme Damaged status Not for loan Collection code Permanent Location Current Location Shelving location Date acquired Source of acquisition Cost, normal purchase price Total Checkouts Full call number Date last seen Copy number Koha item type
  Dewey Decimal Classification   Not For Loan Non-fiction Central Library, University of Rajshahi Central Library, University of Rajshahi Reading Room 31/01/1962 B.H. Black well 4.14   621.48 ALN 1960 01/02/2014 C-1 Books
  Dewey Decimal Classification     Non-fiction Central Library, University of Rajshahi Central Library, University of Rajshahi   28/06/1963 Zeetlinger     621.48 ALN 1960 30/05/2017 C-2 Books